header

A companion to film noir (Record no. 37172)

MARC details
000 -LEADER
fixed length control field 02314nam a2200337 a 4500
082 04 - DEWEY DECIMAL CLASSIFICATION NUMBER
Classification number 791.43/655
245 02 - TITLE STATEMENT
Title A companion to film noir
260 ## - PUBLICATION, DISTRIBUTION, ETC. (IMPRINT)
Place of publication Chichester ;
-- Malden, Mass. :
Name of publisher Wiley-Blackwell,
Year of publication 2013.
300 ## - PHYSICAL DESCRIPTION
Number of Pages xx, 522 p. :
Other physical details ill.
505 0# - FORMATTED CONTENTS NOTE
Formatted contents note pt. 1. Conceptualizing film noir -- pt. 2. Hidden, hybrid, and transmedia histories and influences -- pt. 3. Social, industrial, and commercial contexts -- pt. 4. The fabric of film noir : style and performance -- pt. 5. Identities and film noir -- pt. 6. Noir in other forms -- pt. 7. New geographies of film noir.
520 ## - SUMMARY, ETC.
Summary, etc "An authoritative companion that offers a wide-ranging thematic survey of this enduringly popular cultural form and includes scholarship from both established and emerging scholars as well as analysis of film noir's influence on other media including television and graphic novels. Covers a wealth of new approaches to film noir and neo-noir that explore issues ranging from conceptualization to cross-media influences Features chapters exploring the wider 'noir mediascape' of television, graphic novels and radio Reflects the historical and geographical reach of film noir, from the 1920s to the present and in a variety of national cinemas Includes contributions from both established and emerging scholars "--
650 #0 - SUBJECT ADDED ENTRY--TOPICAL TERM
Topical Term Film noir
700 1# - ADDED ENTRY--PERSONAL NAME
Personal name Spicer, Andrew,
Personal name Hanson, Helen.
856 40 - ELECTRONIC LOCATION AND ACCESS
Uniform Resource Identifier http://site.ebrary.com/lib/rucke/Doc?id=10728347
520 ## - SUMMARY, ETC.
-- Provided by publisher.

No items available.

© 2026 Rongo University
Contact us: librarian | system librarian | Rongo university